[Event "Irena Warakomska Memorial 2019"]
[Site "Suwalki"]
[Date "2019.08.12"]
[Round "9"]
[White "Kosakowski, Jakub"]
[Black "Jakubowski, Krzysztof"]
[Result "1/2-1/2"]
[Board "9"]
[WhiteElo "2401"]
[WhiteTitle "FM"]
[WhiteCountry "POL"]
[WhiteFideId "1185080"]
[WhiteEloChange "2"]
[BlackElo "2518"]
[BlackTitle "GM"]
[BlackCountry "POL"]
[BlackFideId "1112848"]
[BlackEloChange "-2"]

1. e4 {[%clk 1:30:52]} e5 {[%clk 1:30:52]} 2. Nf3 {[%clk 1:31:01]} Nc6 {[%clk
1:31:16]} 3. Bc4 {[%clk 1:29:43]} Bc5 {[%clk 1:31:39]} 4. O-O {[%clk 1:30:01]} d6
{[%clk 1:32:00]} 5. c3 {[%clk 1:26:53]} Bb6 {[%clk 1:32:25]} 6. a4 {[%clk
1:24:34]} a5 {[%clk 1:30:05]} 7. Na3 {[%clk 1:20:47]} Qf6 {[%clk 1:28:21]} 8. Nc2
{[%clk 1:18:45]} Nge7 {[%clk 1:24:34]} 9. d3 {[%clk 1:15:39]} Bg4 {[%clk
1:20:20]} 10. Ne3 {[%clk 1:13:34]} Bxf3 {[%clk 1:19:40]} 11. Qxf3 {[%clk
1:13:45]} Qxf3 {[%clk 1:20:05]} 12. gxf3 {[%clk 1:14:07]} Rf8 {[%clk 1:17:59]}
13. Bb5 {[%clk 0:47:37]} O-O-O {[%clk 1:17:59]} 14. Nc4 {[%clk 0:44:10]} d5
{[%clk 1:13:08]} 15. Nxb6+ {[%clk 0:41:15]} cxb6 {[%clk 1:13:33]} 16. f4 {[%clk
0:39:23]} dxe4 {[%clk 1:12:59]} 17. dxe4 {[%clk 0:43:17]} f5 {[%clk 1:13:22]} 18.
exf5 {[%clk 0:40:31]} Rxf5 {[%clk 1:12:23]} 19. Be2 {[%clk 0:39:16]} exf4 {[%clk
0:50:05]} 20. Bg4 {[%clk 0:39:17]} g5 {[%clk 0:50:30]} 21. h4 {[%clk 0:38:36]} h6
{[%clk 0:45:22]} 22. hxg5 {[%clk 0:38:53]} hxg5 {[%clk 0:45:47]} 23. Re1 {[%clk
0:30:38]} Kb8 {[%clk 0:41:32]} 24. Bxf5 {[%clk 0:29:22]} Nxf5 {[%clk 0:41:58]}
25. Kf1 {[%clk 0:28:13]} Nh4 {[%clk 0:41:19]} 26. Re4 {[%clk 0:16:33]} Nf3 {[%clk
0:41:26]} 27. Ke2 {[%clk 0:16:25]} Nce5 {[%clk 0:41:47]} 28. b4 {[%clk 0:15:39]}
axb4 {[%clk 0:39:00]} 29. cxb4 {[%clk 0:15:55]} Nd4+ {[%clk 0:39:10]} 30. Kf1
{[%clk 0:15:57]} Nef3 {[%clk 0:39:22]} 31. Kg2 {[%clk 0:11:38]} Rh8 {[%clk
0:35:29]} 32. Rxd4 {[%clk 0:11:41]} Nxd4 {[%clk 0:35:53]} 33. Bb2 {[%clk
0:12:04]} f3+ {[%clk 0:36:20]} 34. Kg3 {[%clk 0:12:12]} Rh4 {[%clk 0:36:46]} 35.
b5 {[%clk 0:10:45]} Nb3 {[%clk 0:29:05]} 36. Ra3 {[%clk 0:04:17]} Nc5 {[%clk
0:24:54]} 37. Bc1 {[%clk 0:00:40]} Rxa4 {[%clk 0:10:10]} 38. Rxa4 {[%clk
0:01:06]} Nxa4 {[%clk 0:10:36]} 39. Bxg5 {[%clk 0:01:33]} Nc3 {[%clk 0:10:20]}
40. Be3 {[%clk 0:31:37]} Kc7 {[%clk 0:40:29]} 41. Bf4+ {[%clk 0:31:10]} Kd7
{[%clk 0:39:45]} 42. Be3 {[%clk 0:31:32]} Nxb5 {[%clk 0:39:38]} 43. Bxb6 {[%clk
0:31:57]} Kc6 {[%clk 0:40:04]} 44. Be3 {[%clk 0:32:09]} Kd5 {[%clk 0:40:06]} 45.
Kxf3 {[%clk 0:32:32]} Nd4+ {[%clk 0:40:23]} 46. Bxd4 {[%clk 0:32:04]} Kxd4 {[%clk
0:40:49]} 47. Ke2 {[%clk 0:32:30]} b5 {[%clk 0:41:14]} 48. Kd2 {[%clk 0:32:56]}
Ke4 {[%clk 0:41:41]} 49. Kc3 {[%clk 0:33:22]} Kf3 {[%clk 0:42:08]} 50. Kb4 {[%clk
0:33:48]} Kxf2 {[%clk 0:42:35]} 51. Kxb5 {[%clk 0:34:13]} 1/2-1/2

[Event "Irena Warakomska Memorial 2019"]
[Site "Suwalki"]
[Date "2019.08.12"]
[Round "9"]
[White "Goluch, Piotr"]
[Black "Zakhartsov, Viacheslav V."]
[Result "1/2-1/2"]
[Board "10"]
[WhiteElo "2418"]
[WhiteTitle "FM"]
[WhiteCountry "POL"]
[WhiteFideId "1137840"]
[WhiteEloChange "1"]
[BlackElo "2518"]
[BlackTitle "GM"]
[BlackCountry "RUS"]
[BlackFideId "4115333"]
[BlackEloChange "-1"]

1. d4 {[%clk 1:30:57]} Nf6 {[%clk 1:30:56]} 2. c4 {[%clk 1:31:21]} g6 {[%clk
1:31:20]} 3. Nf3 {[%clk 1:30:57]} Bg7 {[%clk 1:31:45]} 4. g3 {[%clk 1:31:24]} d5
{[%clk 1:32:07]} 5. cxd5 {[%clk 1:31:41]} Nxd5 {[%clk 1:32:32]} 6. Bg2 {[%clk
1:32:07]} Nb6 {[%clk 1:32:55]} 7. Nc3 {[%clk 1:32:05]} Nc6 {[%clk 1:33:17]} 8. e3
{[%clk 1:32:32]} O-O {[%clk 1:33:29]} 9. O-O {[%clk 1:32:58]} Re8 {[%clk
1:33:44]} 10. Re1 {[%clk 1:31:27]} a5 {[%clk 1:33:42]} 11. Qe2 {[%clk 1:31:48]}
Be6 {[%clk 1:33:28]} 12. Rd1 {[%clk 1:30:52]} Nb4 {[%clk 1:25:20]} 13. e4 {[%clk
1:06:17]} Bc4 {[%clk 1:20:38]} 14. Qd2 {[%clk 1:06:43]} a4 {[%clk 1:15:01]} 15.
Ne1 {[%clk 0:49:56]} e5 {[%clk 1:09:27]} 16. d5 {[%clk 0:49:36]} Qd6 {[%clk
1:07:06]} 17. Nc2 {[%clk 0:45:43]} Bf8 {[%clk 0:46:01]} 18. Nxb4 {[%clk 0:44:46]}
Qxb4 {[%clk 0:46:28]} 19. Qc2 {[%clk 0:44:41]} Qa5 {[%clk 0:38:31]} 20. Be3
{[%clk 0:41:33]} Bc5 {[%clk 0:38:21]} 21. Bxc5 {[%clk 0:41:48]} Qxc5 {[%clk
0:38:47]} 22. Rac1 {[%clk 0:42:15]} Qb4 {[%clk 0:34:25]} 23. h4 {[%clk 0:37:25]}
c6 {[%clk 0:32:44]} 24. h5 {[%clk 0:37:28]} Rad8 {[%clk 0:32:03]} 25. h6 {[%clk
0:36:57]} cxd5 {[%clk 0:25:52]} 26. Nxd5 {[%clk 0:29:33]} Bxd5 {[%clk 0:25:32]}
27. exd5 {[%clk 0:29:58]} Rc8 {[%clk 0:24:46]} 28. Qe2 {[%clk 0:30:09]} Qd6
{[%clk 0:21:20]} 29. Qb5 {[%clk 0:30:34]} f5 {[%clk 0:21:22]} 30. Rc3 {[%clk
0:28:20]} Kf7 {[%clk 0:20:30]} 31. Rdc1 {[%clk 0:27:50]} Rxc3 {[%clk 0:17:02]}
32. bxc3 {[%clk 0:27:47]} e4 {[%clk 0:16:45]} 33. c4 {[%clk 0:22:31]} e3 {[%clk
0:13:03]} 34. c5 {[%clk 0:14:11]} exf2+ {[%clk 0:13:23]} 35. Kxf2 {[%clk
0:13:41]} Qe5 {[%clk 0:13:27]} 36. Qd3 {[%clk 0:13:47]} Nd7 {[%clk 0:11:57]} 37.
d6 {[%clk 0:12:02]} Qb2+ {[%clk 0:09:27]} 38. Rc2 {[%clk 0:11:55]} Qb1 {[%clk
0:06:35]} 39. Qc4+ {[%clk 0:12:17]} Kf6 {[%clk 0:01:20]} 40. Qc3+ {[%clk
0:41:56]} Re5 {[%clk 0:31:05]} 41. Rb2 {[%clk 0:25:16]} Qa1 {[%clk 0:28:52]} 42.
c6 {[%clk 0:21:40]} bxc6 {[%clk 0:28:13]} 43. Bxc6 {[%clk 0:21:47]} a3 {[%clk
0:27:39]} 44. Rc2 {[%clk 0:22:11]} Qxc3 {[%clk 0:26:21]} 45. Rxc3 {[%clk
0:22:37]} Rc5 {[%clk 0:14:15]} 46. Rxc5 {[%clk 0:22:47]} Nxc5 {[%clk 0:14:42]}
47. Bd5 {[%clk 0:20:06]} Ne6 {[%clk 0:13:47]} 48. d7 {[%clk 0:17:25]} Nd8 {[%clk
0:14:14]} 49. Bg8 {[%clk 0:17:47]} Kg5 {[%clk 0:14:41]} 50. Bxh7 {[%clk 0:16:53]}
Kxh6 {[%clk 0:15:08]} 51. Bg8 {[%clk 0:17:08]} Kg7 {[%clk 0:15:35]} 52. Bb3
{[%clk 0:16:52]} Kf6 {[%clk 0:16:02]} 53. Ke3 {[%clk 0:15:06]} Ke5 {[%clk
0:16:18]} 54. Kd3 {[%clk 0:13:50]} Kd6 {[%clk 0:13:19]} 55. Ba4 {[%clk 0:13:44]}
Ne6 {[%clk 0:12:34]} 56. Kc4 {[%clk 0:13:24]} g5 {[%clk 0:12:52]} 1/2-1/2

[Event "Irena Warakomska Memorial 2019"]
[Site "Suwalki"]
[Date "2019.08.12"]
[Round "9"]
[White "Hnydiuk, Aleksander"]
[Black "Matviishen, Viktor"]
[Result "1/2-1/2"]
[Board "11"]
[WhiteElo "2412"]
[WhiteTitle "IM"]
[WhiteCountry "POL"]
[WhiteFideId "1109057"]
[WhiteEloChange "1"]
[BlackElo "2501"]
[BlackTitle "IM"]
[BlackCountry "UKR"]
[BlackFideId "14129850"]
[BlackEloChange "-1"]

1. d4 {[%clk 1:30:30]} Nf6 {[%clk 1:28:43]} 2. c4 {[%clk 1:26:37]} e6 {[%clk
1:29:03]} 3. g3 {[%clk 1:26:58]} c5 {[%clk 1:29:27]} 4. Nf3 {[%clk 1:27:25]} cxd4
{[%clk 1:29:31]} 5. Nxd4 {[%clk 1:27:50]} d5 {[%clk 1:29:54]} 6. Bg2 {[%clk
1:28:15]} e5 {[%clk 1:30:20]} 7. Nf3 {[%clk 1:28:42]} d4 {[%clk 1:30:45]} 8. O-O
{[%clk 1:29:06]} Nc6 {[%clk 1:31:12]} 9. e3 {[%clk 1:29:29]} Be7 {[%clk 1:31:35]}
10. exd4 {[%clk 1:29:55]} exd4 {[%clk 1:32:01]} 11. Bf4 {[%clk 1:29:54]} O-O
{[%clk 1:29:50]} 12. Ne5 {[%clk 1:30:13]} Nxe5 {[%clk 1:10:53]} 13. Bxe5 {[%clk
1:30:39]} Bc5 {[%clk 1:03:36]} 14. Nd2 {[%clk 1:25:10]} Nd7 {[%clk 0:56:36]} 15.
Nb3 {[%clk 1:08:35]} Nxe5 {[%clk 0:56:56]} 16. Nxc5 {[%clk 1:09:03]} Bg4 {[%clk
0:40:26]} 17. Qb3 {[%clk 0:49:45]} Rc8 {[%clk 0:27:35]} 18. Nd3 {[%clk 0:42:00]}
Nxc4 {[%clk 0:17:39]} 19. Rfc1 {[%clk 0:39:08]} Na5 {[%clk 0:18:03]} 20. Rxc8
{[%clk 0:37:07]} Bxc8 {[%clk 0:17:42]} 21. Qb4 {[%clk 0:32:49]} Re8 {[%clk
0:17:36]} 22. Re1 {[%clk 0:31:00]} Rxe1+ {[%clk 0:17:54]} 23. Qxe1 {[%clk
0:30:56]} g6 {[%clk 0:16:18]} 24. Qe5 {[%clk 0:30:20]} Bf5 {[%clk 0:15:22]} 25.
Be4 {[%clk 0:29:10]} Nc6 {[%clk 0:12:11]} 26. Qf4 {[%clk 0:29:01]} Bxe4 {[%clk
0:12:36]} 27. Qxe4 {[%clk 0:29:28]} Qa5 {[%clk 0:12:59]} 28. a3 {[%clk 0:28:10]}
Kg7 {[%clk 0:12:58]} 29. h4 {[%clk 0:28:17]} Qd2 {[%clk 0:11:52]} 30. Kg2 {[%clk
0:27:16]} f5 {[%clk 0:08:52]} 31. Qf3 {[%clk 0:26:50]} Qa5 {[%clk 0:09:07]} 32.
h5 {[%clk 0:25:56]} Qc7 {[%clk 0:07:44]} 33. Nc5 {[%clk 0:16:03]} Nd8 {[%clk
0:05:29]} 34. Qd5 {[%clk 0:15:48]} Qc6 {[%clk 0:05:17]} 35. Qxc6 {[%clk 0:16:15]}
bxc6 {[%clk 0:05:40]} 36. hxg6 {[%clk 0:16:17]} hxg6 {[%clk 0:06:08]} 37. Kf3
{[%clk 0:00:36]} Kf6 {[%clk 0:06:22]} 38. Ke2 {[%clk 0:01:02]} Ke5 {[%clk
0:05:55]} 39. Kd3 {[%clk 0:00:42]} Kd5 {[%clk 0:06:22]} 40. b4 {[%clk 0:30:55]}
Nf7 {[%clk 0:34:08]} 41. f4 {[%clk 0:30:07]} Nd6 {[%clk 0:34:11]} 42. Nb3 {[%clk
0:25:58]} Ne4 {[%clk 0:33:47]} 43. Nxd4 {[%clk 0:26:00]} Nxg3 {[%clk 0:34:13]}
44. b5 {[%clk 0:17:19]} cxb5 {[%clk 0:16:18]} 45. Nxb5 {[%clk 0:17:24]} Nh5
{[%clk 0:16:46]} 46. Nc3+ {[%clk 0:14:25]} Kc5 {[%clk 0:17:00]} 47. Ne2 {[%clk
0:14:51]} Nf6 {[%clk 0:15:48]} 48. Kc3 {[%clk 0:05:02]} Nd5+ {[%clk 0:16:10]} 49.
Kb3 {[%clk 0:05:18]} a6 {[%clk 0:16:12]} 50. Ka4 {[%clk 0:05:02]} Kc4 {[%clk
0:15:39]} 51. Ka5 {[%clk 0:05:05]} Kd3 {[%clk 0:16:05]} 52. Ng1 {[%clk 0:02:49]}
Nxf4 {[%clk 0:16:04]} 53. Kxa6 {[%clk 0:03:05]} g5 {[%clk 0:11:43]} 54. a4 {[%clk
0:02:34]} g4 {[%clk 0:12:09]} 55. a5 {[%clk 0:02:50]} Nd5 {[%clk 0:12:22]} 56.
Kb5 {[%clk 0:02:21]} f4 {[%clk 0:07:32]} 57. Kc5 {[%clk 0:02:46]} Nc7 {[%clk
0:05:05]} 58. Kb6 {[%clk 0:03:13]} Nd5+ {[%clk 0:04:32]} 59. Kc5 {[%clk 0:03:40]}
f3 {[%clk 0:03:30]} 60. Nxf3 {[%clk 0:03:42]} gxf3 {[%clk 0:03:55]} 61. a6 {[%clk
0:03:59]} f2 {[%clk 0:04:19]} 62. a7 {[%clk 0:04:16]} f1Q {[%clk 0:04:02]} 63.
a8Q {[%clk 0:04:40]} Qf2+ {[%clk 0:03:38]} 64. Kc6 {[%clk 0:04:03]} Qf6+ {[%clk
0:03:56]} 65. Kc5 {[%clk 0:04:12]} Qd4+ {[%clk 0:02:31]} 66. Kc6 {[%clk 0:04:32]}
Qf6+ {[%clk 0:02:35]} 67. Kc5 {[%clk 0:04:51]} Qe7+ {[%clk 0:02:58]} 68. Kc6
{[%clk 0:05:04]} Qf6+ {[%clk 0:01:17]} 69. Kc5 {[%clk 0:04:33]} 1/2-1/2

[Event "Irena Warakomska Memorial 2019"]
[Site "Suwalki"]
[Date "2019.08.12"]
[Round "9"]
[White "Pavlov, Sergey"]
[Black "Grib, Roman"]
[Result "1-0"]
[Board "12"]
[WhiteElo "2491"]
[WhiteTitle "IM"]
[WhiteCountry "UKR"]
[WhiteFideId "14114330"]
[WhiteEloChange "4"]
[BlackElo "2413"]
[BlackTitle "IM"]
[BlackCountry "BLR"]
[BlackFideId "13506706"]
[BlackEloChange "-4"]

1. c4 {[%clk 1:30:31]} e5 {[%clk 1:30:37]} 2. Nc3 {[%clk 1:30:47]} Nf6 {[%clk
1:31:03]} 3. Nf3 {[%clk 1:31:07]} Nc6 {[%clk 1:31:27]} 4. e3 {[%clk 1:31:32]} Bb4
{[%clk 1:29:59]} 5. Qc2 {[%clk 1:31:51]} Bxc3 {[%clk 1:26:29]} 6. Qxc3 {[%clk
1:31:55]} Qe7 {[%clk 1:26:55]} 7. b3 {[%clk 1:31:14]} d5 {[%clk 1:23:05]} 8. d4
{[%clk 1:31:17]} exd4 {[%clk 1:00:53]} 9. Nxd4 {[%clk 1:31:03]} Nxd4 {[%clk
1:01:21]} 10. Qxd4 {[%clk 1:31:22]} c5 {[%clk 1:01:49]} 11. Qf4 {[%clk 1:31:06]}
O-O {[%clk 1:01:41]} 12. Bb2 {[%clk 1:30:32]} Rd8 {[%clk 0:51:09]} 13. O-O-O
{[%clk 1:24:50]} Be6 {[%clk 0:51:30]} 14. Qe5 {[%clk 1:13:34]} Kf8 {[%clk
0:51:15]} 15. Be2 {[%clk 1:05:56]} dxc4 {[%clk 0:36:11]} 16. bxc4 {[%clk
1:05:14]} Bd7 {[%clk 0:34:03]} 17. Bf3 {[%clk 0:55:34]} Ba4 {[%clk 0:24:09]} 18.
Qxe7+ {[%clk 0:37:12]} Kxe7 {[%clk 0:24:35]} 19. Bxf6+ {[%clk 0:36:08]} gxf6
{[%clk 0:06:57]} 20. Rxd8 {[%clk 0:35:17]} Rxd8 {[%clk 0:07:23]} 21. Bxb7 {[%clk
0:34:59]} Rd3 {[%clk 0:07:48]} 22. Be4 {[%clk 0:20:41]} Rc3+ {[%clk 0:08:14]} 23.
Kb2 {[%clk 0:17:01]} Rxc4 {[%clk 0:08:41]} 24. Bxh7 {[%clk 0:16:41]} Rb4+ {[%clk
0:09:04]} 25. Kc3 {[%clk 0:12:54]} Bc6 {[%clk 0:05:46]} 26. f3 {[%clk 0:12:39]}
Bd5 {[%clk 0:05:16]} 27. Bc2 {[%clk 0:10:51]} Bxa2 {[%clk 0:03:54]} 28. Ra1
{[%clk 0:10:48]} Be6 {[%clk 0:04:09]} 29. Rxa7+ {[%clk 0:10:56]} Kd6 {[%clk
0:04:24]} 30. Ra6+ {[%clk 0:09:26]} Ke7 {[%clk 0:04:40]} 31. g4 {[%clk 0:02:50]}
Rb8 {[%clk 0:03:39]} 32. h4 {[%clk 0:02:22]} Kf8 {[%clk 0:03:10]} 33. Rc6 {[%clk
0:01:35]} c4 {[%clk 0:03:20]} 34. Ra6 {[%clk 0:00:46]} Kg7 {[%clk 0:03:28]} 35.
Ra5 {[%clk 0:00:42]} Rh8 {[%clk 0:02:11]} 36. h5 {[%clk 0:01:06]} Rd8 {[%clk
0:02:05]} 37. Ra7 {[%clk 0:00:37]} Bd5 {[%clk 0:00:34]} 38. f4 {[%clk 0:00:34]}
Re8 {[%clk 0:00:35]} 39. Kd4 {[%clk 0:00:36]} Rd8 {[%clk 0:00:43]} 40. Kc3 {[%clk
0:30:40]} Re8 {[%clk 0:31:10]} 41. Bf5 {[%clk 0:27:02]} Be6 {[%clk 0:14:40]} 42.
Bxe6 {[%clk 0:19:45]} Rxe6 {[%clk 0:15:06]} 43. Kd4 {[%clk 0:20:02]} f5 {[%clk
0:14:46]} 44. gxf5 {[%clk 0:18:13]} Rc6 {[%clk 0:15:11]} 45. Kc3 {[%clk 0:13:51]}
Rh6 {[%clk 0:13:54]} 46. Ra5 {[%clk 0:12:19]} Kh7 {[%clk 0:13:25]} 47. Kxc4
{[%clk 0:11:29]} Rxh5 {[%clk 0:13:51]} 48. Kd4 {[%clk 0:11:33]} Rh6 {[%clk
0:13:02]} 49. e4 {[%clk 0:08:08]} Rf6 {[%clk 0:13:11]} 50. Ke3 {[%clk 0:06:19]}
Kg7 {[%clk 0:12:54]} 51. Kf3 {[%clk 0:06:32]} Rb6 {[%clk 0:13:11]} 52. e5 {[%clk
0:06:06]} Rb3+ {[%clk 0:09:19]} 53. Kg4 {[%clk 0:06:08]} Rb6 {[%clk 0:06:33]} 54.
Ra7 {[%clk 0:05:19]} Kg8 {[%clk 0:06:55]} 55. f6 {[%clk 0:05:00]} Rb8 {[%clk
0:07:05]} 56. Kg5 {[%clk 0:04:55]} Re8 {[%clk 0:05:58]} 57. Kh6 {[%clk 0:04:29]}
Rf8 {[%clk 0:05:56]} 58. e6 {[%clk 0:03:24]} 1-0

[Event "Irena Warakomska Memorial 2019"]
[Site "Suwalki"]
[Date "2019.08.12"]
[Round "9"]
[White "Janik, Igor"]
[Black "Lewtak, Damian"]
[Result "0-1"]
[Board "13"]
[WhiteElo "2483"]
[WhiteTitle "IM"]
[WhiteCountry "POL"]
[WhiteFideId "1159259"]
[WhiteEloChange "-7"]
[BlackElo "2354"]
[BlackTitle "FM"]
[BlackCountry "POL"]
[BlackFideId "1141724"]
[BlackEloChange "14"]

1. d4 {[%clk 1:30:59]} Nf6 {[%clk 1:30:54]} 2. c4 {[%clk 1:31:24]} e6 {[%clk
1:31:21]} 3. Nc3 {[%clk 1:31:46]} d5 {[%clk 1:31:36]} 4. cxd5 {[%clk 1:32:10]}
Nxd5 {[%clk 1:31:04]} 5. e4 {[%clk 1:32:18]} Nxc3 {[%clk 1:31:26]} 6. bxc3 {[%clk
1:32:43]} c5 {[%clk 1:31:51]} 7. Rb1 {[%clk 1:30:36]} Be7 {[%clk 1:26:52]} 8.
Bb5+ {[%clk 1:26:45]} Nd7 {[%clk 1:23:28]} 9. Nf3 {[%clk 1:26:01]} O-O {[%clk
1:21:35]} 10. O-O {[%clk 1:26:24]} Qc7 {[%clk 1:12:36]} 11. Re1 {[%clk 1:21:33]}
a6 {[%clk 1:09:39]} 12. Bd3 {[%clk 1:22:01]} c4 {[%clk 1:09:41]} 13. Bc2 {[%clk
1:22:00]} e5 {[%clk 1:10:02]} 14. a4 {[%clk 1:19:31]} Rd8 {[%clk 0:56:00]} 15.
Qe2 {[%clk 1:17:02]} Rb8 {[%clk 0:55:49]} 16. Bg5 {[%clk 1:10:00]} Bxg5 {[%clk
0:48:13]} 17. Nxg5 {[%clk 1:10:23]} Nf8 {[%clk 0:48:10]} 18. d5 {[%clk 1:10:00]}
h6 {[%clk 0:46:08]} 19. Nf3 {[%clk 1:09:31]} Bg4 {[%clk 0:46:35]} 20. Rb4 {[%clk
1:09:46]} Bxf3 {[%clk 0:46:37]} 21. Qxf3 {[%clk 1:09:58]} a5 {[%clk 0:44:18]} 22.
Rb5 {[%clk 1:08:47]} b6 {[%clk 0:38:49]} 23. Reb1 {[%clk 1:03:56]} Rd6 {[%clk
0:30:48]} 24. Bd1 {[%clk 0:58:58]} Nd7 {[%clk 0:28:52]} 25. Qe2 {[%clk 0:57:16]}
Nf6 {[%clk 0:22:46]} 26. Qc2 {[%clk 0:54:07]} Nd7 {[%clk 0:21:54]} 27. Be2 {[%clk
0:53:35]} g6 {[%clk 0:21:55]} 28. g3 {[%clk 0:52:06]} Kg7 {[%clk 0:22:06]} 29.
Qa2 {[%clk 0:48:07]} Nf6 {[%clk 0:22:18]} 30. f3 {[%clk 0:48:14]} Rc8 {[%clk
0:22:36]} 31. Bf1 {[%clk 0:48:31]} Ne8 {[%clk 0:13:20]} 32. Qb2 {[%clk 0:48:15]}
Qd7 {[%clk 0:08:18]} 33. Qf2 {[%clk 0:43:57]} Rf6 {[%clk 0:07:44]} 34. Qe3 {[%clk
0:40:14]} g5 {[%clk 0:06:20]} 35. Rxb6 {[%clk 0:39:24]} Qxa4 {[%clk 0:05:19]} 36.
Rxf6 {[%clk 0:38:11]} Nxf6 {[%clk 0:05:43]} 37. Bh3 {[%clk 0:37:04]} Re8 {[%clk
0:05:23]} 38. Qd2 {[%clk 0:35:29]} Rd8 {[%clk 0:03:27]} 39. Bf5 {[%clk 0:35:36]}
Qe8 {[%clk 0:02:54]} 40. h4 {[%clk 1:02:43]} gxh4 {[%clk 0:31:48]} 41. gxh4
{[%clk 1:01:21]} Rb8 {[%clk 0:30:46]} 42. Ra1 {[%clk 1:01:08]} Nh5 {[%clk
0:28:56]} 43. Kh2 {[%clk 0:59:52]} Nf4 {[%clk 0:28:39]} 44. Rg1+ {[%clk 0:58:27]}
Kh8 {[%clk 0:27:39]} 45. d6 {[%clk 0:46:03]} Qd8 {[%clk 0:22:34]} 46. Rg4 {[%clk
0:46:25]} a4 {[%clk 0:19:03]} 47. Rxf4 {[%clk 0:34:21]} a3 {[%clk 0:17:46]} 48.
Kh3 {[%clk 0:33:40]} exf4 {[%clk 0:17:25]} 49. d7 {[%clk 0:30:02]} Qf6 {[%clk
0:15:48]} 50. Bg4 {[%clk 0:24:13]} Kg7 {[%clk 0:13:49]} 51. e5 {[%clk 0:23:37]}
Qxe5 {[%clk 0:07:20]} 52. d8Q {[%clk 0:23:08]} Rxd8 {[%clk 0:07:45]} 53. Qxd8
{[%clk 0:23:36]} a2 {[%clk 0:08:02]} 54. Qa8 {[%clk 0:23:22]} Qe1 {[%clk
0:08:16]} 0-1

[Event "Irena Warakomska Memorial 2019"]
[Site "Suwalki"]
[Date "2019.08.12"]
[Round "9"]
[White "Dhulipalla Bala Chandra Prasad"]
[Black "Sharankov, Grigory"]
[Result "1-0"]
[Board "14"]
[WhiteElo "2420"]
[WhiteTitle "IM"]
[WhiteCountry "IND"]
[WhiteFideId "25005812"]
[WhiteEloChange "2"]
[BlackElo "2225"]
[BlackCountry "RUS"]
[BlackFideId "4168356"]
[BlackEloChange "-5"]

1. d4 {[%clk 1:29:30]} d5 {[%clk 1:30:51]} 2. c4 {[%clk 1:29:53]} e6 {[%clk
1:31:19]} 3. Nf3 {[%clk 1:30:16]} Nf6 {[%clk 1:31:45]} 4. g3 {[%clk 1:30:41]}
Bb4+ {[%clk 1:32:10]} 5. Bd2 {[%clk 1:31:08]} Be7 {[%clk 1:32:37]} 6. Bg2 {[%clk
1:31:33]} c6 {[%clk 1:33:05]} 7. O-O {[%clk 1:23:59]} b6 {[%clk 1:33:33]} 8. Bf4
{[%clk 1:21:21]} Nbd7 {[%clk 1:31:58]} 9. cxd5 {[%clk 1:17:54]} exd5 {[%clk
1:30:04]} 10. Ne5 {[%clk 1:09:03]} Bb7 {[%clk 1:30:02]} 11. Qc2 {[%clk 1:02:33]}
Nxe5 {[%clk 1:20:22]} 12. dxe5 {[%clk 1:02:49]} Nd7 {[%clk 1:20:51]} 13. Rd1
{[%clk 0:39:57]} Nc5 {[%clk 1:15:26]} 14. Be3 {[%clk 0:34:36]} O-O {[%clk
1:12:22]} 15. Nc3 {[%clk 0:34:00]} a5 {[%clk 1:09:53]} 16. Rac1 {[%clk 0:30:56]}
Qb8 {[%clk 1:00:33]} 17. Bd4 {[%clk 0:23:39]} Ne6 {[%clk 0:53:49]} 18. Bxb6
{[%clk 0:17:55]} Qxe5 {[%clk 0:51:26]} 19. e4 {[%clk 0:16:27]} d4 {[%clk
0:47:13]} 20. Na4 {[%clk 0:16:04]} c5 {[%clk 0:45:43]} 21. f4 {[%clk 0:14:02]}
Qh5 {[%clk 0:45:07]} 22. e5 {[%clk 0:09:38]} Rab8 {[%clk 0:26:16]} 23. Bxb7
{[%clk 0:05:56]} Rxb7 {[%clk 0:26:45]} 24. b3 {[%clk 0:06:12]} Rd7 {[%clk
0:22:08]} 25. Qe4 {[%clk 0:04:30]} Qg4 {[%clk 0:21:04]} 26. Rd3 {[%clk 0:04:50]}
Ng5 {[%clk 0:15:42]} 27. Qg2 {[%clk 0:05:08]} Nh3+ {[%clk 0:16:01]} 28. Kh1
{[%clk 0:04:42]} f6 {[%clk 0:15:43]} 29. exf6 {[%clk 0:04:35]} Bxf6 {[%clk
0:15:05]} 30. Qf3 {[%clk 0:02:49]} Re8 {[%clk 0:09:02]} 31. Qxg4 {[%clk 0:02:29]}
Nf2+ {[%clk 0:09:31]} 32. Kg1 {[%clk 0:02:54]} Nxg4 {[%clk 0:09:57]} 33. h3
{[%clk 0:02:25]} Nh6 {[%clk 0:05:10]} 34. Nxc5 {[%clk 0:02:16]} Rde7 {[%clk
0:05:39]} 35. Bxa5 {[%clk 0:02:03]} g5 {[%clk 0:05:18]} 36. fxg5 {[%clk 0:01:00]}
Bxg5 {[%clk 0:05:46]} 37. Bd2 {[%clk 0:01:24]} Bxd2 {[%clk 0:06:03]} 38. Rxd2
{[%clk 0:01:53]} Nf5 {[%clk 0:06:12]} 39. Rf1 {[%clk 0:01:25]} Nxg3 {[%clk
0:04:31]} 40. Rf3 {[%clk 0:31:22]} Ne2+ {[%clk 0:33:41]} 41. Kg2 {[%clk 0:21:45]}
Re3 {[%clk 0:26:49]} 42. Nd7 {[%clk 0:18:43]} Kg7 {[%clk 0:26:00]} 43. Nf6 {[%clk
0:18:36]} R8e6 {[%clk 0:23:37]} 44. Nd5 {[%clk 0:08:53]} R3e5 {[%clk 0:20:25]}
45. Nf4 {[%clk 0:05:42]} Nxf4+ {[%clk 0:16:41]} 46. Rxf4 {[%clk 0:06:11]} Rg5+
{[%clk 0:15:28]} 47. Rg4 {[%clk 0:04:43]} Rxg4+ {[%clk 0:12:48]} 48. hxg4 {[%clk
0:05:07]} Re3 {[%clk 0:12:48]} 49. Rxd4 {[%clk 0:03:49]} Re2+ {[%clk 0:13:46]}
50. Kf3 {[%clk 0:04:18]} Rxa2 {[%clk 0:14:06]} 51. Ke4 {[%clk 0:02:53]} Kf6
{[%clk 0:11:51]} 52. Kd5 {[%clk 0:02:59]} Ra8 {[%clk 0:10:11]} 53. Re4 {[%clk
0:02:44]} Ra5+ {[%clk 0:07:52]} 54. Kc6 {[%clk 0:02:48]} Ra3 {[%clk 0:06:03]} 55.
b4 {[%clk 0:03:10]} Ra4 {[%clk 0:06:32]} 1-0